| 000 | 01042nam a2200277 a 4500 | ||
|---|---|---|---|
| 001 | 000031458 | ||
| 003 | DO-SdBNP | ||
| 005 | 20250409144437.0 | ||
| 008 | 110328s1974 dr a 000 | spa d | ||
| 040 |
_aDO-SdBNP _bspa _cBNPHU |
||
| 082 |
_a780.97293 _bN789v, 1974 |
||
| 100 | 1 |
_aNolasco, Flérida de, _d1891-1976 _935151 |
|
| 245 | 1 | 0 |
_aVibraciones en el tiempo / _cFlérida de Nolasco ; semblanza de Américo Lugo. |
| 250 | _a2a ed. | ||
| 260 |
_aSanto Domingo : _bEditora del Caribe, _c1974. |
||
| 300 |
_a219 p. : _bil., retrs. ; _c22 cm. |
||
| 500 | _aIncluye referencias bibliográficas y notas al pie de las páginas. | ||
| 590 | _aInventariado, 2018/LP | ||
| 650 | 4 |
_aMúsica _xHistoria _zRepública Dominicana _954113 |
|
| 650 | 0 |
_aFolclore _zRepública Dominicana _933448 |
|
| 651 | 4 |
_aRepública Dominicana -- _xHistoria -- _yColonia, 1503-1844 _911397 |
|
| 700 | 1 |
_aLugo, Américo _d1870-1952 _981550 |
|
| 910 | _aValidado. Control de calidad BNPHU. | ||
| 942 |
_2ddc _cLBS1 |
||
| 999 |
_c30950 _d30950 |
||